000 00493nam a2200181Ia 4500
001 8955
008 180301s1958 ii a g b000 u 465 u
082 _a822.6
100 _aJonson, Benjamin.
245 0 _aVolpone or The Foxe /
_cBenjamin Jonson.
_hTextual Documents
250 _a2nd ed. /
260 _aLondon :
_bUniversity Tutorial Press ,
_c1958.
300 _axix, 196p. :
_bill. ;
_c18cm .
653 _aEnglish Drama
653 _aG-English
653 _aMS-English
942 _2ddc
_cBK
999 _c8942
_d8942